The Super Game Quiz Stats

 Plays Quiz Updated Jun 11, 2018

Score 0/22 Timer 05:00
1 Play Today
Hint Answer % Correct
Clark Kent's alter egoSuperman
96%
Another name for a grocery storeSupermarket
94%
Tyra Banks, Cindy Crawford, Kate MossSupermodels
90.6%
The championship game of the National Football LeagueThe Super Bowl
87.8%
2004 documentary on obesity and fast foodSuper Size Me
85%
Nintendo's 2nd best selling video game of all timeSuper Mario Bros.
80.5%
Home to NFL's New Orleans Saints and in 2005 those seeking shelter from Hurricane KatrinaThe Louisiana Superdome
79.9%
An astronomical (champagne) event, a type of stellar explosionSupernova
77.6%
Largest inland body of water in the United StatesLake Superior
76%
A speed that is greater than the speed of soundSupersonic
73.3%
Rick James' very kinky girl, the kind you don't take home to motherSuperfreak
72.9%
Hint Answer % Correct
2007 Judd Apatow produced movieSuperbad
65.8%
A 16-bit video game console released in the early 1990sSuper Nintendo Entertainment System
64.1%
Freud's term for the conscience or moral part of the personalitySuperego
63.4%
Relating to an order of existence beyond the visible observable universe (or a show on the CW)Supernatural
48.7%
1972 Stevie Wonder songSuperstition
35.2%
2001 movie starring the Broken Lizard comedy groupSuper Troopers
32.1%
Late 1990s crossover fighting game from NintendoSuper Smash Bros.
29.2%
British band that sang 'Goodbye Stranger', and 'The Logical Song'Supertramp
26.8%
1980 Judy Blume bookSuperfudge
23.5%
The Comprehensive Environmental Response, Compensation, and Liability Act (CERCLA)Superfund
12.3%
Early 1990s Jackie Chan and Michelle Yeoh action-comedy filmSupercop
10.9%

You're not logged in!

Compare scores with friends on all Sporcle quizzes.
OR
Log In

Sporcle TV

Today on Sporcle TV


Watch our educational content, quiz creation guides, and fun videos on Sporcle TV.

Show Comments

Extras

Top Quizzes Today


Score Distribution

Your Account Isn't Verified!

In order to create a playlist on Sporcle, you need to verify the email address you used during registration. Go to your Sporcle Settings to finish the process.

Report this User

Report this user for behavior that violates our Community Guidelines.

Details: